01446nam a2200361 a 4500001001000000003000500010005001700015008004100032010001100073011001100084040000900095090001000104100003600114245011700150260005200267500006000319502010900379590004100488590004000529590004000569590004000609590004000649650003500689650003900724650003600763650005900799856007000858901000700928942001000935942000600945999001900951952011400970000116107CHAP20220329144601.0190911s2019 mx a |sm |||||||spa d a112568 a113540 cCHAP aTesis1 aVazquez Montes, Raúl.913685610aProyecto red de proveedores de ovinos, en el Municipio de Pinos, Zacatecash[En línea]cRaúl Vazquez Montes. aBermejillo, Durango, Méx. :BEl autor,c2019. aPara ver el contenido del material haga clic en la liga aTesis (Ing. Agr. en Sistemas Pecuarios de Zonas Aridas) -- UACH. Dirección General de Control Regional aBATCH-UPDb05c20190911lUCH01h1111 aE6339RRRb05c20190911lUCH01h1110 aE6339RRRb05c20190911lUCH01h1110 aE6339RRRb05c20190911lUCH01h1124 aE6339RRRb05c20190911lUCH01h124614aGanado lanarxMercadeo.94519514aGanado lanarxProducción.94521414aGanado lanarxZacatecas.94523314aOrganización de productoresxCapacitación.9134045 aFinding aiduhttp://10.13.5.2/tesis/sist116107.pdfzTeclea aquí aBK cTESIS n0 c112568d112568 00102local40718TESISaBCbBCd2019-09-11fTESISl0oTesisp116119-10r2019-12-31 00:00:00w2019-09-11yCD